000 00539nam a2200181Ia 4500
005 20260429112041.0
008 260429s9999||||xx |||||||||||||| ||und||
020 _a9789391798611
041 _aHindi
082 _a811.21
_bSIN
100 _aसिंह, एन.
245 0 _aरैदास ग्रन्थावली /
_cएन. सिंह
250 _a2nd ed.
260 _aदिल्ली :
_bएकैडमिक पब्लिकेशन,
_c2023.
300 _a265 p.; Hb
650 _aGranthavali
942 _cTB
999 _c52093
_d52093